000 00727nam a2200289Ia 4500
005 20260324134119.0
008 008 260324s9999 xx 000 0 eng d
020 _a9780203065341
037 _aEBOOK
040 _aCRL
040 _beng
040 _cCRL
041 _2eng
041 _aeng
084 _qCRL
100 _aBelle Wallace; Richard Bentley
_91195624
245 0 _aTeaching Thinking Skills across the Middle Years
245 2 _bA Practical Approach for Children Aged 9-14
260 _bTaylor and Francis
260 _c2002
365 _a
365 _b205
856 _uhttp://www.taylorfrancis.com/books/9780203065341
942 _cEBOOK
999 _c1795348
_d1795348